[Event "Quebec-ch Senior"]
[Site "Montreal CAN"]
[Date "2016.04.24"]
[Round "5.8"]
[White "Dubreuil, Raymond"]
[Black "Pincince, Jacques"]
[Result "0-1"]
[WhiteElo "1522"]
[BlackElo "1416"]
[PlyCount "94"]
[EventDate "2016.04.22"]
[EventType "swiss"]
[EventRounds "5"]
[EventCountry "CAN"]

1. Nf3 d5 2. c4 dxc4 3. Na3 Nc6 4. Nxc4 Bf5 5. d3 e6 6. a3 Nf6 7. g3 Be7 8. Bg2
O-O 9. O-O h6 10. b4 Rb8 11. Bb2 a6 12. Re1 Ne8 13. e4 Bg4 14. d4 Bxf3 15. Bxf3
Nd6 16. Nxd6 cxd6 17. Bg2 e5 18. Rc1 Bf6 19. d5 Ne7 20. Bh3 Bg5 21. Rc3 f5 22.
Qc2 fxe4 23. Be6+ Kh8 24. Qxe4 Bd2 25. Rec1 Qb6 26. Rf3 Bxc1 27. Bxc1 Rxf3 28.
Qxf3 Qd8 29. Bg5 Qe8 30. Bxh6 gxh6 31. Qf6+ Kh7 32. Bf7 Qf8 33. Qxd6 Rd8 34.
Qe6 Rxd5 35. Bg6+ Kh8 36. Bh5 Qg7 37. Bf3 Rd3 38. Be2 Rxa3 39. Qd6 Nc6 40. Qe6
Nd4 41. Qe8+ Kh7 42. Bh5 Nf3+ 43. Kg2 Nh4+ 44. Kh3 Nf5 45. Qe6 Nd4 46. Qe8 Nf3
47. Qe6 Ng5+ 0-1

[Event "Quebec-ch Senior"]
[Site "Montreal CAN"]
[Date "2016.04.24"]
[Round "5.9"]
[White "Taylor, Paul"]
[Black "Bergeron, Jean-Guy"]
[Result "0-1"]
[WhiteElo "1421"]
[BlackElo "1433"]
[PlyCount "136"]
[EventDate "2016.04.22"]
[EventType "swiss"]
[EventRounds "5"]
[EventCountry "CAN"]

1. d4 Nc6 2. d5 Ne5 3. e4 e6 4. Nf3 Ng6 5. dxe6 fxe6 6. Nc3 Bb4 7. Bd2 N8e7 8.
a3 Bxc3 9. Bxc3 O-O 10. Qd4 Rf6 11. Bc4 Nc6 12. Qd1 Rf4 13. Bd3 d5 14. Bd2 Rf8
15. O-O Nge5 16. Nxe5 Nxe5 17. Bb5 Qh4 18. exd5 exd5 19. Be2 Ng4 20. Bxg4 Bxg4
21. f3 Bd7 22. Be1 Qc4 23. b3 Qc6 24. Bf2 Bf5 25. Rc1 b6 26. c4 dxc4 27. Rxc4
Qb7 28. Bg3 c5 29. Be5 Rad8 30. Qa1 Bd3 31. Rg4 Bg6 32. h4 Rf7 33. Rg5 Rd2 34.
Bc3 Rdd7 35. Re1 Kf8 36. Re3 Rde7 37. Rge5 Rxe5 38. Rxe5 Qd7 39. Re2 h6 40. Rd2
Qe7 41. Qd1 Qe3+ 42. Kh1 Re7 43. Rd8+ Be8 44. Rd3 Qf4 45. Bd2 Qxh4+ 46. Kg1 Qf6
47. Bc3 Qe6 48. b4 c4 49. Rd4 Qe3+ 50. Kh2 Qxc3 51. Rf4+ Rf7 52. Qd6+ Kg8 53.
Qe6 Kf8 54. Rxc4 Qf6 55. Qc8 Qe5+ 56. Kg1 Re7 57. Re4 Qa1+ 58. Kh2 Rxe4 59.
fxe4 Qe5+ 60. g3 Qxe4 61. Qc1 Qe2+ 62. Kg1 Qe4 63. Qf4+ Qxf4 64. gxf4 Kf7 65.
Kf2 Bc6 66. Kg3 Kf6 67. Kg4 Bd7+ 68. Kf3 Kf5 0-1

[Event "Quebec-ch Senior"]
[Site "Montreal CAN"]
[Date "2016.04.24"]
[Round "5.10"]
[White "Blouin, Francois"]
[Black "Bedard, Michel"]
[Result "0-1"]
[WhiteElo "1600"]
[BlackElo "1556"]
[PlyCount "122"]
[EventDate "2016.04.22"]
[EventType "swiss"]
[EventRounds "5"]
[EventCountry "CAN"]

1. c4 c5 2. e3 Nf6 3. d4 cxd4 4. exd4 d5 5. Nc3 e6 6. Nf3 Nc6 7. a3 a6 8. b3
Be7 9. Be2 O-O 10. O-O b6 11. h3 Bb7 12. Be3 Rc8 13. Qd2 Na5 14. Rfb1 dxc4 15.
bxc4 Nxc4 16. Bxc4 Rxc4 17. Ne5 Rc8 18. Qb2 b5 19. Rd1 Nd5 20. Ne2 f6 21. Nd3
Qe8 22. Rac1 Qg6 23. Ng3 Bd6 24. Rxc8 Rxc8 25. Qd2 Bxg3 26. fxg3 Qxg3 27. Bf4
Nxf4 28. Nxf4 Re8 29. Nd3 Qd6 30. Nc5 Ba8 31. Qc2 Rc8 32. Qe2 Bd5 33. Qg4 Re8
34. Rf1 f5 35. Qe2 Bc4 36. Qe5 Qxe5 37. dxe5 Bxf1 38. Kxf1 Kf7 39. Nxa6 Ra8 40.
Nc7 Rxa3 41. Nxb5 Ra5 42. Nd6+ Ke7 43. Nc4 Rc5 44. Nb6 Rxe5 45. Nc4 Rc5 46. Nd2
Kd6 47. g4 g6 48. Nf3 h6 49. Kg2 e5 50. Nh4 Rc4 51. Kg3 h5 52. gxh5 gxh5 53.
Nxf5+ Kc5 54. Ng7 h4+ 55. Kh2 Kd5 56. Nf5 Rf4 57. Ne3+ Ke4 58. Nc4 Kd4 59. Nd6
e4 60. Nb5+ Kd3 61. Kg2 e3 0-1

[Event "Quebec-ch U10"]
[Site "Montreal CAN"]
[Date "2016.01.15"]
[Round "1"]
[White "Fernandez Busto, Edouard"]
[Black "Kuleshova, Julia"]
[Result "1-0"]
[WhiteElo "1081"]
[BlackElo "1593"]
[PlyCount "35"]
[EventDate "2016.01.15"]
[EventType "swiss"]
[EventRounds "5"]
[EventCountry "CAN"]

1. e4 c5 2. Nc3 Nc6 3. Nf3 d6 4. d3 g6 5. Be3 Bg7 6. g3 e6 7. Bg2 Nge7 8. O-O
O-O 9. Qd2 b6 10. Bh6 Bb7 11. Bxg7 Kxg7 12. h4 d5 13. h5 h6 14. hxg6 Nxg6 15.
exd5 exd5 16. Ne2 d4 17. Nf4 Qd7 18. Nh5+ 1-0

[Event "Quebec-ch U10"]
[Site "Montreal CAN"]
[Date "2016.01.15"]
[Round "1"]
[White "Guipi Bopala, Prince Eric jr"]
[Black "Tao, Neilson"]
[Result "1-0"]
[WhiteElo "1456"]
[BlackElo "1074"]
[PlyCount "77"]
[EventDate "2016.01.15"]
[EventType "swiss"]
[EventRounds "5"]
[EventCountry "CAN"]

1. d4 d5 2. c4 dxc4 3. e3 Nf6 4. Bxc4 Bf5 5. Qb3 e6 6. Nf3 Nc6 7. O-O Be7 8.
Qxb7 Be4 9. Bb5 O-O 10. Bxc6 Bxc6 11. Qxc6 Qd6 12. Qxd6 Bxd6 13. Nc3 Bb4 14.
Bd2 Bxc3 15. bxc3 Ne4 16. Rab1 Rad8 17. Rb7 c5 18. Rxa7 cxd4 19. cxd4 e5 20.
Bb4 Rfe8 21. Nxe5 f6 22. Nc6 Rc8 23. Ne7+ Rxe7 24. Rxe7 Ng5 25. d5 Rf8 26.
Rxg7+ Kxg7 27. Bxf8+ Kxf8 28. a4 Ke7 29. a5 Kd6 30. a6 Kc7 31. Rb1 Kd6 32. a7
Kxd5 33. a8=Q+ Ke6 34. Rb6+ Kf5 35. Rb5+ Kg4 36. h3+ Kh4 37. Rxg5 fxg5 38. Qe4+
Kh5 39. Qxh7# 1-0

[Event "Quebec-ch U10"]
[Site "Montreal CAN"]
[Date "2016.01.15"]
[Round "1"]
[White "He, Yu Xi"]
[Black "Cui, Guang Zhu"]
[Result "1/2-1/2"]
[WhiteElo "909"]
[BlackElo "1084"]
[PlyCount "114"]
[EventDate "2016.01.15"]
[EventType "swiss"]
[EventRounds "5"]
[EventCountry "CAN"]

1. e4 e5 2. Nf3 Nc6 3. Nc3 Nf6 4. d4 d6 5. dxe5 dxe5 6. Qxd8+ Nxd8 7. Nxe5 Bd6
8. Nf3 Ne6 9. e5 Be7 10. exf6 Bxf6 11. Bc4 O-O 12. O-O Bd7 13. Rd1 Bc6 14. Be2
Nf4 15. Bxf4 Rfe8 16. Bxc7 Bxc3 17. bxc3 Rxe2 18. Nd4 Re7 19. Bf4 Rd8 20. Nxc6
Rxd1+ 21. Rxd1 Re8 22. Rd8 Rxd8 23. Nxd8 b6 24. Bb8 a6 25. Ba7 b5 26. Nc6 Kf8
27. Nb8 a5 28. Bb6 a4 29. Kf1 Ke7 30. Ke2 Kd6 31. Bd4 g6 32. Ke3 Kd5 33. Kf4
Ke6 34. Kg5 h5 35. Na6 Ke7 36. Nc7 Kf8 37. Nxb5 Ke8 38. Kf6 Kf8 39. c4 Ke8 40.
c5 Kf8 41. c6 Ke8 42. c7 Kd7 43. Be5 Kc8 44. Na7+ Kb7 45. c8=Q+ Kxa7 46. Bb8+
Kb6 47. Qc7+ Kb5 48. Qc3 Kb6 49. Qc4 Kb7 50. Qc5 Kxb8 51. Qe7 Kc8 52. Ke5 f6+
53. Kd6 Kb8 54. Kc6 Ka8 55. Qa7+ Kxa7 56. Kd6 f5 57. Ke5 Kb6 1/2-1/2

[Event "Quebec-ch U10"]
[Site "Montreal CAN"]
[Date "2016.01.15"]
[Round "1"]
[White "Kuy, Anthony"]
[Black "Li, Ze Yue"]
[Result "0-1"]
[WhiteElo "1093"]
[BlackElo "927"]
[PlyCount "106"]
[EventDate "2016.01.15"]
[EventType "swiss"]
[EventRounds "5"]
[EventCountry "CAN"]

1. e4 e5 2. Nf3 Nc6 3. Bb5 d6 4. Bxc6+ bxc6 5. a4 Nf6 6. d3 h6 7. h3 Be7 8. b3
Be6 9. g3 Qd7 10. Ng1 O-O 11. g4 d5 12. Ba3 c5 13. Qd2 dxe4 14. dxe4 Qxd2+ 15.
Nxd2 Rfe8 16. O-O-O Rad8 17. b4 cxb4 18. Bb2 Bd6 19. a5 Rd7 20. f3 Red8 21. a6
c5 22. h4 c4 23. c3 bxc3 24. Bxc3 Ba3+ 25. Bb2 Bxb2+ 26. Kxb2 Rxd2+ 27. Rxd2
Rxd2+ 28. Kc3 Rd3+ 29. Kb4 c3 30. Ne2 Rd2 31. Nxc3 Rb2+ 32. Ka3 Rb3+ 33. Ka4
Rxc3 34. Rb1 Nd7 35. Rb7 Nc5+ 36. Kb4 Nxb7 37. axb7 Rb3+ 38. Ka4 Rxb7 39. g5
hxg5 40. hxg5 f6 41. gxf6 gxf6 42. Ka5 Kg7 43. Ka6 Rb1 44. Kxa7 Kg6 45. Ka6 Kg5
46. f4+ Kxf4 47. Ka5 Kxe4 48. Ka4 f5 49. Ka3 f4 50. Ka4 f3 51. Ka3 f2 52. Ka4
f1=Q 53. Ka5 Qb5# 0-1

[Event "Quebec-ch U10"]
[Site "Montreal CAN"]
[Date "2016.01.15"]
[Round "1"]
[White "Lim, Nicolas"]
[Black "Xu, Yihan"]
[Result "0-1"]
[WhiteElo "850"]
[BlackElo "985"]
[PlyCount "170"]
[EventDate "2016.01.15"]
[EventType "swiss"]
[EventRounds "5"]
[EventCountry "CAN"]

1. e4 c5 2. Nf3 Nc6 3. d4 cxd4 4. Nxd4 Nf6 5. Nc3 e5 6. Nxc6 bxc6 7. Be3 Bb4 8.
Bd2 Bxc3 9. Bxc3 Nxe4 10. Bxe5 O-O 11. Bd3 Nc5 12. O-O d6 13. Bc3 Bd7 14. h3
Qc8 15. Qf3 Ne6 16. Rfe1 Ng5 17. Qg3 f6 18. Qxd6 Bxh3 19. Bc4+ Kh8 20. Re7 Rd8
21. Qg3 Qf5 22. Rc1 Ne4 23. Qxh3 Qxf2+ 24. Kh2 Qf4+ 25. g3 Qxc1 26. Qg4 Qh6+
27. Kg2 Rd2+ 28. Bxd2 Qxd2+ 29. Qe2 Qxe2+ 30. Bxe2 Nd6 31. Re6 Rd8 32. Bf3 c5
33. Re7 a5 34. Ra7 Nc4 35. b3 Ne3+ 36. Kh3 Nxc2 37. Rxa5 Nb4 38. Rxc5 Nxa2 39.
Rd5 Rb8 40. Rd3 Nc1 41. Rd7 Nxb3 42. Kg2 Nc5 43. Rd5 Ne6 44. g4 Nf4+ 45. Kg3
Nxd5 46. Bxd5 g6 47. Kf2 h5 48. Bf3 Rb5 49. Kg3 Re5 50. Kf4 g5+ 51. Kg3 h4+ 52.
Kf2 Re7 53. Bh1 Re5 54. Bf3 Rc5 55. Be2 Rd5 56. Kf3 Kg7 57. Bf1 f5 58. Bh3 f4
59. Ke4 Rb5 60. Bf1 Ra5 61. Bh3 Kf6 62. Bg2 Ra3 63. Bh1 Rg3 64. Bf3 h3 65. Bh1
Rxg4 66. Kf3 Rg3+ 67. Kf2 h2 68. Kf1 Rg1+ 69. Kf2 Rxh1 70. Kg2 g4 71. Kxh1 g3
72. Kg2 f3+ 73. Kh1 f2 74. Kg2 Kf7 75. Kxg3 h1=Q 76. Kxf2 Qh3 77. Ke2 Qg3 78.
Kd2 Qf3 79. Kc2 Qe3 80. Kb2 Qd3 81. Ka2 Qc3 82. Kb1 Qd2 83. Ka1 Ke6 84. Kb1 Kd5
85. Ka1 Kc4 0-1

[Event "Quebec-ch U10"]
[Site "Montreal CAN"]
[Date "2016.01.15"]
[Round "1"]
[White "Liu, Kevin"]
[Black "Gonzalez, Tristan"]
[Result "0-1"]
[WhiteElo "1315"]
[BlackElo "1017"]
[PlyCount "142"]
[EventDate "2016.01.15"]
[EventType "swiss"]
[EventRounds "5"]
[EventCountry "CAN"]

1. c4 e5 2. Nc3 Nf6 3. g3 Bc5 4. Bg2 Nc6 5. e3 d6 6. Nge2 a6 7. O-O O-O 8. a3
Bf5 9. b4 Ba7 10. Bb2 Qd7 11. Re1 Bh3 12. Bh1 Qf5 13. f4 exf4 14. Nxf4 Bg4 15.
Qb1 Qxb1 16. Raxb1 Rab8 17. Rf1 Ne5 18. Ncd5 Nxd5 19. cxd5 Nc4 20. Bc3 Nxa3 21.
Rbe1 Nc4 22. Be4 Rbe8 23. Bc2 Ne5 24. Ng2 Nf3+ 25. Rxf3 Bxf3 26. Nh4 Bxd5 27.
Nf5 f6 28. Rf1 Be4 29. Bb3+ Kh8 30. Rf4 d5 31. Ba4 b5 32. Bb3 c6 33. Nd6 Re6
34. Nxe4 Rxe4 35. Rf1 d4 36. exd4 Bxd4+ 37. Bxd4 Rxd4 38. Re1 g6 39. Re6 Rxb4
40. Bc2 Rc4 41. Bb3 Rc1+ 42. Kg2 a5 43. Kf3 a4 44. Ba2 Rc2 45. Bb1 Rxd2 46.
Rxc6 f5 47. Rb6 Rb2 48. Bd3 Ra8 49. Rxb5 Rxb5 50. Bxb5 a3 51. Bc4 a2 52. Bxa2
Rxa2 53. h4 Kg7 54. g4 fxg4+ 55. Kxg4 Ra5 56. Kg3 g5 57. h5 Ra6 58. Kg4 Ra5 59.
Kg3 Kh6 60. Kh3 g4+ 61. Kxg4 Rxh5 62. Kg3 Kg5 63. Kg2 Kg4 64. Kf2 Rh3 65. Kg2
h6 66. Kf2 Rf3+ 67. Kg2 h5 68. Kh2 Rg3 69. Kh1 Kf3 70. Kh2 Kf2 71. Kh1 Rh3# 0-1

[Event "Quebec-ch U10"]
[Site "Montreal CAN"]
[Date "2016.01.15"]
[Round "1"]
[White "Memon, Aayan"]
[Black "Zhong, Ziyi"]
[Result "0-1"]
[WhiteElo "988"]
[BlackElo "1234"]
[PlyCount "122"]
[EventDate "2016.01.15"]
[EventType "swiss"]
[EventRounds "5"]
[EventCountry "CAN"]

1. e4 e5 2. Nf3 Nc6 3. Nc3 Nf6 4. Bc4 Nxe4 5. Nxe4 d5 6. Bxd5 Qxd5 7. d3 f5 8.
Nc3 Bb4 9. Bd2 Bxc3 10. Bxc3 O-O 11. O-O Qe6 12. Ng5 Qg6 13. Nf3 e4 14. Ne5
Nxe5 15. Bxe5 c6 16. dxe4 fxe4 17. Qd6 Be6 18. Qd1 Bh3 19. Bg3 Rad8 20. Qe2 Bf5
21. Rad1 Kh8 22. Rxd8 Rxd8 23. Rd1 Re8 24. Rd6 Qf7 25. Qd2 Qxa2 26. Rd8 Qa1+
27. Qd1 Qxd1+ 28. Rxd1 e3 29. fxe3 Bxc2 30. Rd7 b5 31. Be5 a5 32. Bxg7+ Kg8 33.
Bc3 a4 34. Rg7+ Kf8 35. Rxh7 Bxh7 36. Bb4+ Kf7 37. Kf2 Be4 38. Ba3 Rb8 39. Bd6
Rb7 40. Kg3 Ke6 41. Bf4 Rg7+ 42. Kf2 Rxg2+ 43. Kf1 Rxb2 44. h4 Rg2 45. h5 Rg7
46. h6 Rh7 47. Bg3 a3 48. Be1 a2 49. Bc3 Rxh6 50. Ke1 Rh1+ 51. Kd2 Bd5 52. Kc2
a1=Q 53. Bxa1 Rxa1 54. Kb2 Ra2+ 55. Kb1 b4 56. e4 Bc4 57. e5 b3 58. Kc1 Bd3 59.
Kd1 Rc2 60. Ke1 b2 61. Kd1 b1=R# 0-1

[Event "Quebec-ch U10"]
[Site "Montreal CAN"]
[Date "2016.01.16"]
[Round "2"]
[White "Cui, Guang Zhu"]
[Black "Liu, Kevin"]
[Result "0-1"]
[WhiteElo "1087"]
[BlackElo "1315"]
[PlyCount "88"]
[EventDate "2016.01.15"]
[EventType "swiss"]
[EventRounds "5"]
[EventCountry "CAN"]

1. e4 c5 2. Nf3 Nc6 3. Nc3 g6 4. d4 cxd4 5. Nxd4 Bg7 6. Nxc6 bxc6 7. Bf4 d6 8.
Bc4 Nf6 9. O-O O-O 10. Qd2 Re8 11. Bh6 Bh8 12. Rad1 Ng4 13. Bg5 Ne5 14. Bb3 c5
15. Qd5 Be6 16. Qd2 Nc4 17. Bxc4 Bxc4 18. Rfe1 Rb8 19. b3 Be6 20. Nd5 Rc8 21.
Re3 Be5 22. f4 Bd4 23. Rde1 h5 24. c3 Bxe3+ 25. Rxe3 c4 26. Rg3 f5 27. e5 Rc5
28. Nxe7+ Rxe7 29. Bxe7 Qxe7 30. Rxg6+ Kh7 31. exd6 Qd7 32. Rxe6 Qxe6 33. d7
Rd5 34. d8=Q Rxd8 35. Qc1 cxb3 36. axb3 Qxb3 37. Qe3 Qd1+ 38. Kf2 Rd2+ 39. Kg3
Rd3 40. Qxd3 Qxd3+ 41. Kh4 Kg6 42. h3 Qe3 43. g3 Qxc3 44. g4 Qe1# 0-1

[Event "Quebec-ch U10"]
[Site "Montreal CAN"]
[Date "2016.01.16"]
[Round "2"]
[White "Gonzalez, Tristan"]
[Black "Guipi Bopala, Prince Eric jr"]
[Result "0-1"]
[WhiteElo "1017"]
[BlackElo "1456"]
[PlyCount "63"]
[EventDate "2016.01.15"]
[EventType "swiss"]
[EventRounds "5"]
[EventCountry "CAN"]

1. e4 e5 2. Nf3 Nc6 3. Bc4 d6 4. h3 Nf6 5. d3 Be7 6. Nc3 O-O 7. Bg5 Be6 8. Bxe6
fxe6 9. O-O Qd7 10. Qd2 Rab8 11. a3 b5 12. b4 Nh5 13. Rfe1 Bxg5 14. Qxg5 Nf4
15. Ne2 Nxh3+ 16. gxh3 Rxf3 17. Qg4 Rf6 18. Qh4 Rg6+ 19. Kh1 Rh6 20. Qg4 Rf8
21. f4 Rff6 22. Rg1 Kh8 23. Raf1 Qf7 24. f5 exf5 25. Rxf5 Rxf5 26. exf5 Ne7 27.
Qg5 Rxh3+ 28. Kg2 Rh5 29. Qe3 Nxf5 30. Qxa7 Nh4+ 31. Kh3 Qf5+ 32. Kh2 0-1

[Event "Quebec-ch U10"]
[Site "Montreal CAN"]
[Date "2016.01.16"]
[Round "2"]
[White "Kuleshova, Julia"]
[Black "Yuen, Lok"]
[Result "0-1"]
[WhiteElo "1593"]
[BlackElo "1035"]
[PlyCount "98"]
[EventDate "2016.01.15"]
[EventType "swiss"]
[EventRounds "5"]
[EventCountry "CAN"]

1. e4 c5 2. Nf3 Nc6 3. d4 cxd4 4. Nxd4 e6 5. c4 Bc5 6. Be3 Qb6 7. Nb5 Bxe3 8.
fxe3 a6 9. Nd6+ Ke7 10. Qd2 Qb4 11. Nxc8+ Rxc8 12. Nc3 Nf6 13. a3 Qa5 14. Rd1
Rhd8 15. Qd6+ Ke8 16. Qg3 Nxe4 17. Qxg7 Nxc3 18. Qxc3 Qxc3+ 19. bxc3 Na5 20.
Bd3 Nxc4 21. Bxh7 Nxe3 22. Rd3 Nxg2+ 23. Kd2 f5 24. Rg3 Nf4 25. h4 Ke7 26. h5
Rh8 27. Rf3 Rxh7 28. Rxf4 Kf6 29. Kc2 Rch8 30. Rd4 d5 31. c4 dxc4 32. Rxc4 Rxh5
33. Rxh5 Rxh5 34. Rc7 f4 35. Rxb7 f3 36. Kd2 f2 37. Ke2 Rf5 38. Rb1 e5 39. Kf1
Kg5 40. Rb6 e4 41. Rxa6 e3 42. Re6 Kf4 43. a4 Rg5 44. Rf6+ Rf5 45. Rxf5+ Kxf5
46. a5 Kf4 47. Ke2 Kg3 48. a6 Kg2 49. a7 f1=Q+ 0-1

[Event "Quebec-ch U10"]
[Site "Montreal CAN"]
[Date "2016.01.16"]
[Round "2"]
[White "Lei, Storm"]
[Black "He, Yu Xi"]
[Result "0-1"]
[WhiteElo "1238"]
[BlackElo "909"]
[PlyCount "64"]
[EventDate "2016.01.15"]
[EventType "swiss"]
[EventRounds "5"]
[EventCountry "CAN"]

1. d4 d5 2. c4 e6 3. Nc3 Nf6 4. Nf3 Nc6 5. cxd5 exd5 6. Bf4 Be7 7. Nb5 Bd6 8.
Nxd6+ cxd6 9. e3 O-O 10. Bb5 a6 11. Qa4 Qc7 12. Bxc6 bxc6 13. Qa3 Rd8 14. Rc1
Bb7 15. O-O Nh5 16. Bg5 Re8 17. h3 Bc8 18. Kh1 Be6 19. Bf4 Nxf4 20. exf4 h6 21.
Qc3 Rac8 22. Qd3 Ra8 23. b4 Qd7 24. Nh4 Qe7 25. Nf3 Qf6 26. Rxc6 Bd7 27. Rxa6
Rxa6 28. Qxa6 Qxf4 29. Qe2 Rxe2 30. Rb1 Rxa2 31. b5 Bxb5 32. Rxb5 Ra1+ 0-1

[Event "Quebec-ch U10"]
[Site "Montreal CAN"]
[Date "2016.01.16"]
[Round "2"]
[White "Li, Ze Yue"]
[Black "Pant, Miro"]
[Result "0-1"]
[WhiteElo "927"]
[BlackElo "989"]
[PlyCount "94"]
[EventDate "2016.01.15"]
[EventType "swiss"]
[EventRounds "5"]
[EventCountry "CAN"]

1. e4 e5 2. Nf3 Nc6 3. Bc4 Nf6 4. d3 Bb4+ 5. Nc3 d6 6. h3 h6 7. O-O g5 8. a3
Bxc3 9. bxc3 g4 10. hxg4 Bxg4 11. d4 h5 12. d5 Na5 13. Bd3 h4 14. Bg5 h3 15. g3
h2+ 16. Kh1 Qe7 17. Be2 Bh3 18. Re1 Ng4 19. Be3 a6 20. Nxh2 Nxh2 21. Kxh2 f5
22. Bh5+ Kd8 23. Kxh3 Qf7 24. Bg5+ Kc8 25. Kh4 fxe4 26. Qg4+ Kb8 27. Rxe4 Qxf2
28. Re2 Qf7 29. Ree1 Qf2 30. Qe2 Qf7 31. Rf1 Qh7 32. Rf2 Ka7 33. Be3+ b6 34.
Rh1 Qe4+ 35. g4 Qxh1+ 36. Rh2 Qxd5 37. Kg3 e4 38. Bd4 Rhf8 39. Qd2 Nc4 40. Qd1
Rf3+ 41. Kh4 Rxc3 42. Bf7 Rh8+ 43. Bh5 c5 44. Bxc3 Rxh5+ 45. gxh5 Qxd1 46. h6
Ne3 47. h7 Qg4# 0-1

[Event "Quebec-ch U10"]
[Site "Montreal CAN"]
[Date "2016.01.16"]
[Round "2"]
[White "Memon, Aayan"]
[Black "Kuy, Anthony"]
[Result "1-0"]
[WhiteElo "988"]
[BlackElo "1093"]
[PlyCount "75"]
[EventDate "2016.01.15"]
[EventType "swiss"]
[EventRounds "5"]
[EventCountry "CAN"]

1. e4 e5 2. Nf3 Nf6 3. Nxe5 Nxe4 4. Qe2 d6 5. Qxe4 dxe5 6. Qxe5+ Qe7 7. Qxe7+
Bxe7 8. Bc4 Bf5 9. d3 O-O 10. O-O a6 11. Bf4 Bd6 12. Bxd6 cxd6 13. Nc3 Nc6 14.
Nd5 b5 15. Bb3 a5 16. a4 Nd4 17. Ne7+ Kh8 18. axb5 g6 19. Nxf5 gxf5 20. Rfe1
Nxb3 21. cxb3 Rfe8 22. Rxe8+ Rxe8 23. h3 h5 24. Rc1 Rb8 25. Rc6 Rxb5 26. Rxd6
Rxb3 27. Ra6 Rxd3 28. Rxa5 f4 29. Rxh5+ Kg7 30. b4 f3 31. b5 Kg6 32. Rc5 f5 33.
Rc6+ Kg5 34. b6 fxg2 35. b7 Rxh3 36. b8=Q f4 37. Qg8+ Kh4 38. Rh6# 1-0

[Event "Quebec-ch U10"]
[Site "Montreal CAN"]
[Date "2016.01.16"]
[Round "2"]
[White "Tao, Neilson"]
[Black "Lim, Nicolas"]
[Result "0-1"]
[WhiteElo "1074"]
[BlackElo "850"]
[PlyCount "96"]
[EventDate "2016.01.15"]
[EventType "swiss"]
[EventRounds "5"]
[EventCountry "CAN"]

1. e4 e5 2. Nf3 Nc6 3. Nc3 Nf6 4. d4 exd4 5. Nxd4 g6 6. Bg5 Bg7 7. Qf3 Nxd4 8.
Qd3 Ne6 9. Bxf6 Bxf6 10. O-O-O d6 11. Qd2 Bg7 12. Bc4 Qe7 13. Bxe6 Bxe6 14.
Rhe1 O-O-O 15. f4 Kb8 16. f5 Bd7 17. Rf1 gxf5 18. exf5 Bxc3 19. Qxc3 Rhf8 20.
f6 Qe5 21. Qxe5 dxe5 22. Rd2 Bb5 23. Rfd1 Rxd2 24. Rxd2 a6 25. b3 Bc6 26. g4
Rg8 27. h3 Ka7 28. c4 Rg6 29. a4 Rxf6 30. Ra2 Rf3 31. b4 Rc3+ 32. Rc2 Rxc2+ 33.
Kxc2 Bxa4+ 34. Kd3 f6 35. h4 b5 36. cxb5 axb5 37. g5 fxg5 38. hxg5 Kb6 39. Ke4
c5 40. Kxe5 cxb4 41. Kd4 b3 42. Kc3 Kc5 43. Kb2 Kc4 44. Kc1 Kc3 45. Kb1 b2 46.
g6 Bc2+ 47. Ka2 b1=Q+ 48. Ka3 Qb3# 0-1

[Event "Quebec-ch U10"]
[Site "Montreal CAN"]
[Date "2016.01.16"]
[Round "2"]
[White "Zheng, Richard"]
[Black "Fernandez Busto, Edouard"]
[Result "1-0"]
[WhiteElo "1383"]
[BlackElo "1081"]
[PlyCount "101"]
[EventDate "2016.01.15"]
[EventType "swiss"]
[EventRounds "5"]
[EventCountry "CAN"]

1. e4 e5 2. Nf3 Nc6 3. Bc4 Bc5 4. O-O Nf6 5. d3 O-O 6. Bg5 d6 7. c3 Be6 8. Bxe6
fxe6 9. a4 d5 10. d4 exd4 11. cxd4 Bd6 12. e5 Be7 13. exf6 Bxf6 14. Bxf6 Qxf6
15. Nc3 Rad8 16. Qe2 Rfe8 17. Rfd1 e5 18. dxe5 Nxe5 19. Nxd5 Nxf3+ 20. Qxf3
Qxf3 21. gxf3 Kh8 22. Nxc7 Rxd1+ 23. Rxd1 Rc8 24. Kg2 h6 25. Ne6 g5 26. Rd8+
Rxd8 27. Nxd8 Kg7 28. Nxb7 Kf6 29. Kg3 Kf5 30. b4 h5 31. Nd6+ Ke5 32. Nc8 a6
33. b5 axb5 34. axb5 Kd5 35. h4 gxh4+ 36. Kxh4 Kc5 37. b6 Kc6 38. f4 Kb7 39. f5
Kxc8 40. f6 Kb7 41. f7 Kxb6 42. f8=Q Kb7 43. Qc5 Ka8 44. f4 Kb7 45. f5 Kb8 46.
f6 Ka8 47. f7 Kb7 48. f8=R Ka6 49. Ra8+ Kb7 50. Ra7+ Kb8 51. Qc7# 1-0

[Event "Quebec-ch U10"]
[Site "Montreal CAN"]
[Date "2016.01.16"]
[Round "2"]
[White "Zhong, Ziyi"]
[Black "Xu, Yihan"]
[Result "1/2-1/2"]
[WhiteElo "1234"]
[BlackElo "985"]
[PlyCount "141"]
[EventDate "2016.01.15"]
[EventType "swiss"]
[EventRounds "5"]
[EventCountry "CAN"]

1. e4 c5 2. Nf3 Nc6 3. d4 cxd4 4. Nxd4 Nf6 5. Nc3 e5 6. Ndb5 d6 7. Nd5 Nxd5 8.
Qxd5 Be7 9. Bd2 a6 10. Nc3 Nb4 11. Qb3 a5 12. O-O-O Be6 13. Bb5+ Nc6 14. Qa4
Bd7 15. Nd5 O-O 16. Nxe7+ Qxe7 17. h4 Rfd8 18. c3 Rdc8 19. Qb3 Nd4 20. Qd5 Bxb5
21. Bg5 Qd7 22. Rxd4 exd4 23. Qxd4 f6 24. Bf4 Rc6 25. Kb1 Rd8 26. Qd5+ Kf8 27.
Qxb5 Qe7 28. f3 Rc5 29. Qb6 d5 30. Rd1 Rd7 31. Be3 Rc6 32. Qxa5 Rc8 33. b4 dxe4
34. Re1 Rxc3 35. Bc5 Rxc5 36. bxc5 f5 37. Qb4 e3 38. Re2 Rc7 39. Qa3 f4 40. Qb4
Qxh4 41. c6+ Ke8 42. cxb7 Qh1+ 43. Re1 Rxb7 44. Rxh1 Rxb4+ 45. Kc2 Rb5 46. Rxh7
e2 47. Kd2 Re5 48. Ke1 Kf7 49. Rh4 g5 50. Rh1 Ke6 51. Kf2 Kf5 52. Re1 Ra5 53.
Rxe2 Ra3 54. g4+ Kf6 55. Rb2 Ke5 56. Ke2 Kd4 57. Rc2 Re3+ 58. Kf2 Rc3 59. Rb2
Ra3 60. Kg2 Kc3 61. Rf2 Kc4 62. Kf1 Kb4 63. Ke1 Rc3 64. Rb2+ Ka3 65. Rb5 Rxf3
66. Rxg5 Rg3 67. Kf2 Kxa2 68. Rf5 Rxg4 69. Kf3 Rh4 70. Rxf4 Rxf4+ 71. Kxf4
1/2-1/2

[Event "Quebec-ch U10"]
[Site "Montreal CAN"]
[Date "2016.01.16"]
[Round "3"]
[White "Fernandez Busto, Edouard"]
[Black "Gonzalez, Tristan"]
[Result "0-1"]
[WhiteElo "1081"]
[BlackElo "1017"]
[PlyCount "112"]
[EventDate "2016.01.15"]
[EventType "swiss"]
[EventRounds "5"]
[EventCountry "CAN"]

1. e4 e5 2. Nf3 Nc6 3. Nc3 Bc5 4. Bc4 d6 5. d3 Bg4 6. Be3 Nd4 7. Bxd4 Bxd4 8.
O-O Bc5 9. h3 Bh5 10. a3 Nf6 11. Nd5 h6 12. Nxf6+ Qxf6 13. g4 Bg6 14. b4 Bb6
15. c3 a6 16. b5 axb5 17. Bxb5+ c6 18. Bc4 h5 19. g5 Qe7 20. h4 Qd7 21. Nh2 Qh3
22. Rb1 Bc5 23. Rxb7 O-O 24. Qf3 Qc8 25. Rbb1 Rxa3 26. Rbc1 Qb8 27. Rb1 Qa7 28.
Rfc1 Qa5 29. Rb3 Rxb3 30. Bxb3 Qa3 31. Qd1 Qa7 32. Qd2 Qd7 33. d4 exd4 34. cxd4
Bb6 35. Qd3 Re8 36. Re1 d5 37. f3 Qh3 38. Qe3 dxe4 39. fxe4 Qxe3+ 40. Rxe3 Bxd4
41. Kf2 Bxe3+ 42. Kxe3 Rxe4+ 43. Kf3 Rxh4 44. Nf1 Rh3+ 45. Ng3 h4 46. Ba4 Rxg3+
47. Kf2 c5 48. Bc2 Bxc2 49. g6 Rxg6 50. Kf1 h3 51. Ke1 h2 52. Kf2 h1=Q 53. Ke2
Qe4+ 54. Kd2 Qd3+ 55. Kc1 Rg1+ 56. Kb2 Qb3# 0-1

[Event "Quebec-ch U10"]
[Site "Montreal CAN"]
[Date "2016.01.16"]
[Round "3"]
[White "Guipi Bopala, Prince Eric jr"]
[Black "Zheng, Richard"]
[Result "1/2-1/2"]
[WhiteElo "1456"]
[BlackElo "1383"]
[PlyCount "85"]
[EventDate "2016.01.15"]
[EventType "swiss"]
[EventRounds "5"]
[EventCountry "CAN"]

1. d4 d5 2. c4 e6 3. Nc3 Bb4 4. e3 Nf6 5. a3 Bxc3+ 6. bxc3 Nbd7 7. Nf3 O-O 8.
Bd3 c5 9. O-O Qc7 10. Qc2 h6 11. Bb2 b6 12. Rac1 Bb7 13. Qe2 Rac8 14. Rfd1 Rfe8
15. cxd5 c4 16. Bb1 exd5 17. Bf5 g6 18. Bh3 Rcd8 19. a4 Nb8 20. Ne5 Nc6 21.
Nxc6 Bxc6 22. Ra1 Bd7 23. Bxd7 Rxd7 24. Ba3 Ne4 25. Qc2 Qc6 26. Bb4 a5 27. Ba3
Re6 28. f3 Nf6 29. Re1 Rd8 30. Bc1 Rde8 31. Bd2 Kg7 32. Reb1 Ng8 33. Rb5 Nf6
34. Rab1 Qc7 35. Qb2 Qd7 36. Qa2 Qc7 37. Qb2 Qd7 38. Qc2 Qc7 39. Qa2 Kh7 40.
Qb2 Qd7 41. Qa2 Qc7 42. Qb2 Qd7 43. Qc2 1/2-1/2